000 00626nam a2200217 a 4500
001 17281
003 CO-ViMGA
008 141112s2004 ck r 000 u spa d
020 _a8432983632
040 _aCO-ViMGA
_bspa
_cCO-ViMGA
082 0 4 _a745.54 O553c
100 1 _aOller, Merce; Oller, Rosa
_924584
245 1 0 _aCómo hacer láminas en tres dimensiones
250 _a3
260 _aBarcelona (España),
_cCeac,
_c1996
300 _a45.p.
590 _aForma de adquisición : Premio - Mincultura
650 1 4 _aARTESANIAS TRIDIMENSIONALES EN PAPEL
_924585
650 1 4 _aTRABAJOS EN PAPEL
_947932
942 _2ddc
_cBK
999 _c26850
_d26850